000 00431nam a2200181Ia 4500
001 10364
005 20260306161827.0
008 260306t2003||||xx |||||||||||||| ||spa||
041 _aESP
082 _a921.5
_bW54
100 _aWhite, Michael
_eAUT
245 0 _aGiordano Bruno:
_bel hereje impertinente
260 _c2003
300 _a222 páginas :
_c24 cm.
650 _aGEN
654 _aCHU
942 _cLIB
_dJUS
_fJUS
_2ddc
_n
999 _c10364
_d10364